| 000 | 00445nam a2200157 a 4500 | ||
|---|---|---|---|
| 005 | 20140412111310.0 | ||
| 008 | 010307s19uu xx 00 eng d | ||
| 020 | _a0-395-28800-2 | ||
| 050 |
_aER _bHe34 |
||
| 100 | _aGaldone, Paul | ||
| 245 |
_aHenny penny / _cretold and illustrated by Paul Galdone. |
||
| 260 |
_aNew York : _bClarion Books, _c1968. |
||
| 300 | _a1 v. (unp.) ; ill. | ||
| 650 | _aChicken stories -- Fiction | ||
| 999 |
_c103966 _d103966 |
||